[Event "Bergen Sommer Super-NGP B"]
[Site "Bergen"]
[Date "2019.08.01"]
[Round "8"]
[White "Kvandahl, Frode"]
[Black "Mongstad, Dag"]
[Result "0-1"]
[WhiteElo "1559"]
[BlackElo "1472"]
[PlyCount "104"]
[EventDate "2019.07.29"]
[EventType "swiss"]
[EventRounds "9"]
[EventCountry "NOR"]
[SourceTitle "EXT 2024"]
[Source "ChessBase"]
[SourceDate "2023.10.10"]
[SourceVersion "1"]
[SourceVersionDate "2023.10.10"]
[SourceQuality "1"]

1. e4 e5 2. Nf3 Nc6 3. Bb5 a6 4. Ba4 Nf6 5. d3 b5 6. Bb3 Bc5 7. Bg5 d6 8. Nc3 h6 9. Bh4 g5 10. Bg3 Bg4 11. h3 Bh5 12. Qd2 Bxf3 13. gxf3 Nd4 14. Qd1 Nh5 15. f4 Nxf4 16. Bxf4 gxf4 17. Qh5 Nxb3 18. axb3 Qg5 19. Qxg5 hxg5 20. Nxb5 Kd7 21. Nc3 g4 22. h4 g3 23. fxg3 fxg3 24. Ne2 g2 25. Rh2 g1Q+ 26. Nxg1 Bxg1 27. Rh1 Be3 28. Ke2 Bf4 29. h5 Rh7 30. Kf3 Rah8 31. Kg4 Rg8+ 32. Kf3 Rg5 33. Rxa6 Rhxh5 34. Rxh5 Rxh5 35. c4 Rh3+ 36. Ke2 Rh2+ 37. Kf3 Rxb2 38. Ra3 f6 39. d4 Bc1 40. d5 Rf2+ 41. Kxf2 Bxa3 42. Kg3 Ke7 43. Kf3 Kf7 44. Ke2 Kg6 45. Kd3 f5 46. exf5+ Kxf5 47. Ke3 Bc5+ 48. Kf3 e4+ 49. Ke2 Ke5 50. Kd1 Kd4 51. Kc2 Bb4 52. Kd1 Kd3 0-1

[Event "Bergen Sommer Super-NGP B"]
[Site "Bergen"]
[Date "2019.07.31"]
[Round "6"]
[White "Tenfjord Engelsen, Teodor"]
[Black "Mongstad, Dag"]
[Result "1-0"]
[WhiteElo "1331"]
[BlackElo "1472"]
[PlyCount "43"]
[EventDate "2019.07.29"]
[EventType "swiss"]
[EventRounds "9"]
[EventCountry "NOR"]
[SourceTitle "EXT 2024"]
[Source "ChessBase"]
[SourceDate "2023.10.10"]
[SourceVersion "1"]
[SourceVersionDate "2023.10.10"]
[SourceQuality "1"]

1. d4 d5 2. Nc3 Nf6 3. Bf4 a6 4. e3 Bf5 5. Nf3 h6 6. Bd3 Bxd3 7. cxd3 e6 8. Qb3 b5 9. Rc1 Nbd7 10. 0-0 c5 11. dxc5 Nxc5 12. Qc2 Bd6 13. Bxd6 Qxd6 14. Nxd5 Qxd5 15. Qxc5 Qxa2 16. Qc6+ Ke7 17. Qb7+ Nd7 18. Ne5 Qd5 19. Rc7 Qxb7 20. Rxb7 Rhd8 21. Rc7 Rab8 22. Nc6+ 1-0

[Event "NOR-ch West A"]
[Site "Sandsli"]
[Date "2019.06.16"]
[Round "4"]
[White "Lura, Njal"]
[Black "Mongstad, Dag"]
[Result "1-0"]
[WhiteElo "1642"]
[BlackElo "1467"]
[PlyCount "63"]
[EventDate "2019.06.14"]
[EventType "swiss"]
[EventRounds "5"]
[EventCountry "NOR"]
[SourceTitle "EXT 2024"]
[Source "ChessBase"]
[SourceDate "2023.10.10"]
[SourceVersion "1"]
[SourceVersionDate "2023.10.10"]
[SourceQuality "1"]

1. c4 Nf6 2. g3 e6 3. Bg2 d5 4. Nf3 Be7 5. 0-0 dxc4 6. Qa4+ Bd7 7. Qxc4 Bc6 8. Nc3 0-0 9. d4 b6 10. Re1 Bb7 11. Nb5 c6 12. Nc3 c5 13. dxc5 Bxc5 14. b4 Be7 15. Bb2 Nbd7 16. Red1 Qc8 17. Qb3 Nd5 18. Rac1 Nxc3 19. Rxc3 Qe8 20. Rc7 Bd5 21. Qc2 Bd6 22. Ng5 g6 23. Bxd5 exd5 24. Rc6 Be5 25. Rxd5 Bxb2 26. Qxb2 Ne5 27. Rc7 f6 28. Nxh7 Rf7 29. Nxf6+ Rxf6 30. Qxe5 Qf8 31. Rdd7 a6 32. Qd5+ 1-0

[Event "Hordaland-ch NGP"]
[Site "Bergen"]
[Date "2018.06.10"]
[Round "6"]
[White "Hoyforsslett, Gard Rye"]
[Black "Mongstad, Dag"]
[Result "1/2-1/2"]
[WhiteElo "1309"]
[BlackElo "1354"]
[PlyCount "110"]
[EventDate "2018.04.23"]
[EventType "swiss"]
[EventRounds "6"]
[EventCountry "NOR"]
[SourceTitle "EXT 2024"]
[Source "ChessBase"]
[SourceDate "2023.10.10"]
[SourceVersion "1"]
[SourceVersionDate "2023.10.10"]
[SourceQuality "1"]

1. e4 e5 2. Nf3 Nc6 3. Bc4 Bc5 4. d3 Nf6 5. 0-0 0-0 6. Bg5 d6 7. Nc3 Be6 8. Bb3 a6 9. h3 Na5 10. Ne2 Nxb3 11. axb3 c6 12. c3 Bb6 13. Qc2 Qe7 14. d4 Bd8 15. Nxe5 dxe5 16. dxe5 Bxb3 17. exf6 gxf6 18. Qxb3 fxg5 19. Ng3 Qc7 20. Rfd1 Be7 21. Nf5 Rad8 22. Rxd8 Bxd8 23. Re1 Qb6 24. Qxb6 Bxb6 25. Nd6 Rd8 26. Nc4 Bc7 27. Kf1 b5 28. Ne3 Rd2 29. Re2 Rxe2 30. Kxe2 Kg7 31. b4 a5 32. bxa5 Bxa5 33. Kd3 Kf6 34. Kc2 Ke5 35. f3 Kf4 36. Ng4 h5 37. Nh6 f6 38. Nf7 Bc7 39. g4 h4 40. Nh6 Kxf3 41. Nf5 Kxe4 42. Kd2 Bb6 43. Ke2 Bc5 44. Ng7 b4 45. cxb4 Bxb4 46. Ne8 Bc3 47. Nd6+ Kf4 48. Nf5 c5 49. Kf2 Be5 50. Ke2 Bd4 51. Kf1 Kf3 52. Nxd4+ cxd4 53. Kg1 d3 54. Kh1 d2 55. Kh2 d1R 1/2-1/2

[Event "Hordaland-ch NGP"]
[Site "Bergen"]
[Date "2018.06.10"]
[Round "5"]
[White "Mongstad, Dag"]
[Black "Bjorkly, Sara Marie Skaug"]
[Result "1-0"]
[WhiteElo "1354"]
[BlackElo "1365"]
[PlyCount "85"]
[EventDate "2018.04.23"]
[EventType "swiss"]
[EventRounds "6"]
[EventCountry "NOR"]
[SourceTitle "EXT 2024"]
[Source "ChessBase"]
[SourceDate "2023.10.10"]
[SourceVersion "1"]
[SourceVersionDate "2023.10.10"]
[SourceQuality "1"]

1. e4 d5 2. exd5 Nf6 3. d4 Nxd5 4. Nf3 Bg4 5. Be2 c6 6. 0-0 Nd7 7. h3 Bh5 8. Re1 e6 9. Nbd2 Bd6 10. Nc4 Bc7 11. Nce5 Nxe5 12. Nxe5 Bxe2 13. Qxe2 0-0 14. Qg4 Nf6 15. Qh4 Nd7 16. Qxd8 Raxd8 17. b3 Nxe5 18. dxe5 Rd5 19. Bb2 Rfd8 20. Re2 Rd2 21. Kf1 g5 22. Ke1 Rxe2+ 23. Kxe2 Rd5 24. Rd1 Rxd1 25. Kxd1 h5 26. Ke2 c5 27. Kf3 Kg7 28. g4 h4 29. Ke4 Bd8 30. Bc1 f6 31. exf6+ Bxf6 32. f4 gxf4 33. Bxf4 e5 34. Bxe5 b6 35. Bxf6+ Kxf6 36. Kd5 Kg5 37. Kc6 Kf4 38. Kb7 Kg3 39. g5 Kxh3 40. g6 Kg2 41. g7 h3 42. g8Q+ Kf3 43. Qg1 1-0